00491 2200193 4500245006100000020001800061250001100079100001700090700001700107700001700124650001700141005001900158260004100177041001400218084001300232300003200245336000900277338001100286 aLooking For The Lost Paradise Vol. 1cWoo, Lee JinhText a979-20-9096-7 aCet. 1 aWoo, Lee Jin aIvana Tamrin aTaejin, Jung aKomik Jepang a20230202105545 aJakartabElex Media Komputindoc2006 aIndonesia a741.5592 a... jil. :bilus. ;c17 cm. atext avolume